• 首页
  • 本馆介绍
  • 公告通知
  • 最新文献
  • 馆藏检索
  • 电子资源
  • 读者导购
  • 参考咨询
  • 我的图书馆
  • 登录
  • 详细信息显示
  • 放入我的书架
  • 预约/预借图书
  • 作者相关作品
  • 分类相关作品
  • 丛书相关作品
  • 出版社相关作品

书目信息

  • 表格格式
  • 工作单格式
  • 卡片格式
题名:
单烯烃的化学与工艺学
    
 
作者: 阿辛格尔 著 ;毕寿延 , 葛培元 译
分册: 下册  
出版信息: 北京   中国工业出版社  1965
页数: 644页
开本: 26cm
丛书名:
单 册:
中图分类: TQ211
科图分类:
主题词: 有机化合物--生产
电子资源:
ISBN:
000 00695nam0 2200217 450
001 0631608624
005 20060525085035.89
010    @dCNY2.50
100    @a20060525d1965 km y0chiy0120 ea
101 0  @achi@cger
102    @aCN@b110000
200 1  @a单烯烃的化学与工艺学@Adan xi ting de hua xue yu gong yi xue@h下册@f(德)F·阿辛格尔著@F(de)F·a xin ge er zhu@g毕寿延,葛培元译@Gbi shou yan,ge pei yuan yi
210    @a北京@c中国工业出版社@d1965
215    @a644页@d26cm
606 0  @a有机化合物@x生产
690    @aTQ211@v3
701  0 @a阿辛格尔@Aa xin ge er@4著
702  0 @a毕寿延@Abi shou yan@4译
702  0 @a葛培元@Age pei yuan@4译
801  0 @aCN@bPFT@c20060525
905    @a10447@dTQ211@e2
    
    单烯烃的化学与工艺学.下册/(德)F·阿辛格尔著/毕寿延,葛培元译.-北京:中国工业出版社,1965
    644页;26cm
    
    
    ISBN :CNY2.50
    
●
相关链接 在E读中查询图书 在五车中查询图书 在当当中查询图书 在豆瓣中查询图书


正题名:单烯烃的化学与工艺学     索取号:TQ211/2         预约/预借

序号 登录号 条形码 馆藏地/架位号 状态 备注
1 0018101   202383170   密集书库/ [索取号:TQ211/2] 在馆    
唐山师范学院图书馆 欢迎您!
大连网信软件有限公司© 版权所有